[Event "VII Festival A"]
[Site "Trieste ITA"]
[Date "2005.09.04"]
[Round "3"]
[White "Zufic, Miroslav"]
[Black "Lazarev, Vladimir"]
[Result "1-0"]
[WhiteElo "2391"]
[BlackElo "2518"]
[PlyCount "145"]
[EventDate "2005.09.03"]

1.e4 c5 2.Nf3 Nc6 3.d4 cxd4 4.Nxd4 Qc7 5.Nc3 e6 6.Be3 a6 7.Qd2 Nf6 8.O-O-O
Bb4 9.f3 Ne5 10.Nb3 b5 11.Qe1 Be7 12.f4 Ng6 13.e5 Ng4 14.Ne4 O-O 15.Bd3 
Bb7 16.Bd2 Rac8 17.Kb1 f5 18.exf6 Nxf6 19.Rf1 Bd5 20.Ba5 Qc6 21.Nxf6+ Bxf6
22.g3 Bc4 23.Qe2 e5 24.Bb4 Bxd3 25.Qxd3 Rf7 26.Na5 Qa8 27.Qb3 exf4 28.Rxd7
Ne5 29.Rxf7 Nxf7 30.gxf4 Qg2 31.Re1 Bh4 32.Rd1 Qxh2 33.f5 Qe2 34.Rh1 Qe4 
35.Rf1 Kh8 36.a3 Ne5 37.Bc3 Nc4 38.Rg1 Bf6 39.Qb4 Qe3 40.Rd1 Bxc3 41.bxc3 
Qf3 42.Rd7 Qf1+ 43.Ka2 Qxf5 44.Rd3 Ne5 45.Qc5 h6 46.Qd5 Rf8 47.Rd2 Rf6 48.
Re2 Ng6 49.Qa8+ Kh7 50.Kb2 Qf3 51.Qe8 Nf4 52.Re3 Qg2 53.Nb3 Nd5 54.Rd3 Nb6
55.Nd4 Na4+ 56.Ka2 Qd5+ 57.Nb3 Qc6 58.Qe5 Qe6 59.Qg3 Qf7 60.Rd8 Rf3 61.Qb8
Nxc3+ 62.Kb2 Na4+ 63.Ka2 Qc4 64.Rh8+ Kg6 65.Qe8+ Rf7 66.Kb1 Qf1+ 67.Ka2 
Nc3+ 68.Kb2 Qf6 69.Kc1 Qf4+ 70.Kb2 Na4+ 71.Ka2 Qc4 72.Kb1 Qd5 73.Rf8 1-0

[Event "VII Festival A"]
[Site "Trieste ITA"]
[Date "2005.09.05"]
[Round "4"]
[White "Arcion, Riccardo"]
[Black "Varini, Massimo"]
[Result "0-1"]
[WhiteElo "1958"]
[BlackElo "2080"]
[PlyCount "74"]
[EventDate "2005.09.03"]

1.d4 Nf6 2.c4 g6 3.Nc3 Bg7 4.e4 d6 5.f4 O-O 6.Nf3 c5 7.d5 e6 8.Be2 exd5 9.
cxd5 Bg4 10.O-O Nbd7 11.h3 Bxf3 12.Bxf3 Re8 13.Re1 a6 14.a4 Qa5 15.Bd2 Qc7
16.Qc2 Rab8 17.Rad1 b5 18.axb5 axb5 19.Bc1 b4 20.Nb1 Nb6 21.Be3 b3 22.Qd3 
Nxe4 23.Qxb3 f5 24.Qb5 Nd7 25.Qc6 Qxc6 26.dxc6 Ndf6 27.Nc3 Rec8 28.Bxe4 
fxe4 29.Rxd6 Rxb2 30.Red1 Rbb8 31.Bxc5 Bf8 32.Rxf6 Bxc5+ 33.Kh2 e3 34.Rd7 
Rb6 35.Ne4 e2 36.Rff7 Bg1+ 37.Kh1 Bd4 0-1

[Event "VII Festival A"]
[Site "Trieste ITA"]
[Date "2005.09.05"]
[Round "4"]
[White "Bevilacqua, Andrea"]
[Black "Decleva, Gianni"]
[Result "1-0"]
[WhiteElo "1978"]
[BlackElo "1611"]
[PlyCount "45"]
[EventDate "2005.09.03"]

1.e4 e5 2.Nf3 Nf6 3.d4 exd4 4.e5 Ne4 5.Qxd4 d5 6.exd6 Nxd6 7.Nc3 Nc6 8.
Qe3+ Qe7 9.Nd5 Qxe3+ 10.Bxe3 Kd8 11.O-O-O Be7 12.c4 Bd7 13.Bd3 h6 14.c5 
Ne8 15.Bf5 Nb8 16.Bxd7 Nxd7 17.Ne5 Nxe5 18.Nb6+ Bd6 19.Nxa8 Kc8 20.cxd6 
Nxd6 21.Bf4 Nc6 22.Nxc7 Kxc7 23.Bxd6+ 1-0

[Event "VII Festival A"]
[Site "Trieste ITA"]
[Date "2005.09.05"]
[Round "4"]
[White "Borgo, Giulio"]
[Black "Batic, Aleksander"]
[Result "1-0"]
[WhiteElo "2380"]
[BlackElo "1855"]
[PlyCount "65"]
[EventDate "2005.09.03"]

1.e4 c6 2.d4 d5 3.exd5 cxd5 4.Bd3 Nc6 5.c3 Nf6 6.h3 g6 7.Bg5 Bg7 8.Nd2 Bd7
9.Ngf3 Qc8 10.Qb3 Be6 11.O-O O-O 12.Rfe1 Re8 13.Re3 Ne4 14.Bf4 Na5 15.Qa4 
Nxd2 16.Nxd2 Nc4 17.Nxc4 dxc4 18.Be4 a6 19.Qb4 b5 20.Bxa8 Qxa8 21.Rae1 Bf8
22.Rxe6 fxe6 23.Qc5 Kf7 24.Qb6 Qc8 25.Re5 Bg7 26.Rc5 Qd7 27.Qxa6 e5 28.
Bxe5 Qf5 29.Qxb5 Qb1+ 30.Kh2 Bxe5+ 31.Rxe5 Qxa2 32.Re3 Ra8 33.Qd7 1-0

[Event "VII Festival A"]
[Site "Trieste ITA"]
[Date "2005.09.05"]
[Round "4"]
[White "Bosiocic, Marko"]
[Black "Tonel, Giulia"]
[Result "1-0"]
[WhiteElo "2121"]
[BlackElo "1793"]
[PlyCount "47"]
[EventDate "2005.09.03"]

1.d4 Nf6 2.Nf3 e6 3.e3 b6 4.Bd3 Bb7 5.O-O Be7 6.c4 O-O 7.b3 d5 8.cxd5 exd5
9.Bb2 Nbd7 10.Nc3 Re8 11.Ne5 Ne4 12.Nxe4 dxe4 13.Nxf7 Qb8 14.Bc4 Kf8 15.
Ne5 Nxe5 16.dxe5 g6 17.f3 exf3 18.Rxf3+ Bxf3 19.Qxf3+ Kg7 20.e6+ Kh6 21.
Qh3+ Kg5 22.Qxh7 Bd6 23.h4+ Kf5 24.Qf7+ 1-0

[Event "VII Festival A"]
[Site "Trieste ITA"]
[Date "2005.09.05"]
[Round "4"]
[White "Brunello, Marina"]
[Black "Rozmann, Glauco"]
[Result "1-0"]
[WhiteElo "1667"]
[BlackElo "1413"]
[PlyCount "63"]
[EventDate "2005.09.03"]

1.e4 Nc6 2.d4 e6 3.Nf3 d5 4.e5 Be7 5.Bd3 Nb4 6.Be2 c6 7.Nbd2 f6 8.c3 Na6 
9.b4 b5 10.Nb3 Qd7 11.a4 Rb8 12.Bf4 g5 13.exf6 gxf4 14.fxe7 Nxe7 15.Ne5 
Qc7 16.Bh5+ Ng6 17.Nxg6 hxg6 18.Bxg6+ Kd8 19.O-O f3 20.g3 Qg7 21.Bd3 Qg4 
22.Nd2 Rb7 23.Qxf3 Qxf3 24.Nxf3 Rg7 25.axb5 cxb5 26.Bxb5 Nc7 27.Rxa7 Rhh7 
28.Bd3 Rh8 29.b5 Rf8 30.Ne5 Rh8 31.b6 Ne8 32.Nc6# 1-0

[Event "VII Festival A"]
[Site "Trieste ITA"]
[Date "2005.09.05"]
[Round "4"]
[White "Cedriano, Filippo"]
[Black "Bosiocic, Marin"]
[Result "0-1"]
[WhiteElo "2005"]
[BlackElo "2381"]
[PlyCount "98"]
[EventDate "2005.09.03"]

1.Nf3 Nf6 2.c4 c6 3.b3 d5 4.Bb2 Bg4 5.Ne5 Bh5 6.g3 e6 7.Bg2 Nbd7 8.O-O 
Nxe5 9.Bxe5 Be7 10.h3 O-O 11.g4 Bg6 12.d4 Qb6 13.e3 Qa6 14.Bxf6 Bxf6 15.
cxd5 cxd5 16.Nc3 Be7 17.f4 Rac8 18.Nxd5 exd5 19.f5 Rc3 20.fxg6 Qxg6 21.Qe1
Rc2 22.Rf5 Qd6 23.Qf1 Rfc8 24.Qf3 Rc1+ 25.Rxc1 Rxc1+ 26.Bf1 Rc2 27.Qf4 
Qxf4 28.exf4 Rxa2 29.Rxd5 g5 30.fxg5 Rd2 31.Rf5 Kg7 32.Bc4 f6 33.gxf6+ 
Bxf6 34.d5 a6 35.Rf3 Rd4 36.Rf5 b5 37.Bf1 Rb4 38.Rf3 Be7 39.Rd3 Bd6 40.Kf2
a5 41.Ke2 a4 42.bxa4 bxa4 43.Rd2 a3 44.Kd3 Be5 45.Ra2 Bb2 46.Bg2 Kf6 47.
Be4 h6 48.d6 Ke5 49.Bg6 Kxd6 0-1

[Event "VII Festival A"]
[Site "Trieste ITA"]
[Date "2005.09.05"]
[Round "4"]
[White "Costariol, Elena"]
[Black "Punteri, Marco"]
[Result "0-1"]
[WhiteElo "1605"]
[BlackElo "1985"]
[PlyCount "104"]
[EventDate "2005.09.03"]

1.e4 g6 2.d4 Bg7 3.Nf3 c6 4.Bf4 d5 5.exd5 cxd5 6.Nc3 Nf6 7.Bd3 O-O 8.Qd2 
Re8 9.O-O a6 10.Rfe1 Nc6 11.Ne2 Nh5 12.Bh6 Bh8 13.h3 b5 14.c3 Na5 15.b3 
Bb7 16.Rac1 Rc8 17.Bg5 Ng7 18.Bh4 Ne6 19.Nf4 Nxf4 20.Qxf4 Qc7 21.Qxc7 Rxc7
22.Bg3 Rcc8 23.Rc2 Nc6 24.Kf1 e6 25.Ne5 Nxe5 26.Bxe5 f6 27.Bh2 e5 28.f3 e4
29.fxe4 dxe4 30.Be2 f5 31.Rec1 Red8 32.Bg1 Bf6 33.Be3 g5 34.g3 Be7 35.Kf2 
Rf8 36.Rg1 Kh8 37.c4 f4 38.gxf4 gxf4 39.Bc1 e3+ 40.Kf1 Be4 41.Rb2 Ba3 42.
Bg4 f3 43.Bxc8 Bd3+ 44.Ke1 f2+ 45.Rxf2 exf2+ 46.Kd2 fxg1=Q 47.Bxa3 Rxc8 
48.Kxd3 bxc4+ 49.bxc4 Qg3+ 50.Ke4 Qxa3 51.c5 Rxc5 52.dxc5 Qxc5 0-1

[Event "VII Festival A"]
[Site "Trieste ITA"]
[Date "2005.09.05"]
[Round "4"]
[White "Cozzarin, Davide"]
[Black "Grobovsek, Ivan"]
[Result "0-1"]
[WhiteElo "1646"]
[BlackElo "2000"]
[PlyCount "76"]
[EventDate "2005.09.03"]

1.c4 Nf6 2.b3 d6 3.Bb2 Nbd7 4.g3 g6 5.Bg2 Bg7 6.Nf3 O-O 7.O-O e5 8.Nc3 c6 
9.d3 Re8 10.Nd2 Nc5 11.Rc1 Ne6 12.Nf3 Nh5 13.e3 f5 14.d4 e4 15.Nd2 Qg5 16.
Qc2 Bd7 17.h4 Qe7 18.d5 Nc5 19.Ba3 Nd3 20.Rcd1 c5 21.Ne2 Bh6 22.Nc1 Ne5 
23.Rfe1 Ng4 24.Nf1 g5 25.hxg5 Qxg5 26.Ne2 Ne5 27.Nf4 Nf3+ 28.Bxf3 exf3 29.
Nh2 Nxf4 30.exf4 Qg6 31.Bc1 Re4 32.Nxf3 Rd8 33.Kf1 Qg4 34.Ng1 Qh5 35.Rxe4 
fxe4 36.Re1 Bf5 37.Qe2 Qg6 38.Bd2 e3 0-1

[Event "VII Festival A"]
[Site "Trieste ITA"]
[Date "2005.09.05"]
[Round "4"]
[White "Devetak, Robert"]
[Black "Trtanj, Tina"]
[Result "0-1"]
[WhiteElo "1539"]
[BlackElo "2137"]
[PlyCount "110"]
[EventDate "2005.09.03"]

1.e4 d5 2.exd5 Qxd5 3.Nc3 Qa5 4.Nf3 Nf6 5.Bc4 Bf5 6.O-O e6 7.d3 c6 8.Bd2 
Qc7 9.Qe2 Nbd7 10.h3 Be7 11.Be3 O-O 12.Rfe1 Rfe8 13.Nh4 Bg6 14.Nxg6 hxg6 
15.Bb3 a6 16.Rad1 Nd5 17.Bd2 N7f6 18.Ne4 Red8 19.Qf3 a5 20.a3 a4 21.Ba2 b5
22.Bg5 Nxe4 23.Bxe7 Qxe7 24.Qxe4 Qc5 25.d4 Qd6 26.Bxd5 Qxd5 27.Qxd5 Rxd5 
28.Re5 Rad8 29.Rxd5 Rxd5 30.Kf1 c5 31.c3 e5 32.Ke2 exd4 33.cxd4 cxd4 34.
Kd3 f5 35.Rc1 Kf7 36.Rc6 g5 37.g3 g6 38.f3 Kg7 39.Rb6 f4 40.g4 Kf7 41.Ke4 
d3 42.Kxd5 d2 43.Rb7+ Kf6 44.Rb6+ Kg7 45.Rb7+ Kh6 46.Rxb5 d1=Q+ 47.Kc5 
Qxf3 48.Kb4 Qe4+ 49.Ka5 f3 50.Rb8 Qe5+ 51.Rb5 Qc7+ 52.Kxa4 f2 53.Kb4 f1=Q 
54.a4 Qfc4+ 55.Ka3 Qd6+ 0-1

[Event "VII Festival A"]
[Site "Trieste ITA"]
[Date "2005.09.05"]
[Round "4"]
[White "Drazic, Sinisa"]
[Black "De Val, Daniele"]
[Result "1-0"]
[WhiteElo "2497"]
[BlackElo "2155"]
[PlyCount "73"]
[EventDate "2005.09.03"]

1.d4 f5 2.Nc3 d5 3.Bf4 Nf6 4.e3 a6 5.Nf3 e6 6.Bd3 b5 7.Ne5 c5 8.h3 Bb7 9.
O-O Nc6 10.a3 Bd6 11.Nxc6 Bxc6 12.dxc5 Bxc5 13.b4 Bd6 14.Bxd6 Qxd6 15.Ne2 
g6 16.Nd4 e5 17.Nb3 Ke7 18.f4 Rhe8 19.Qd2 Kf8 20.Qc3 d4 21.fxe5 dxc3 22.
exd6 Rxe3 23.Nd4 Bd7 24.g4 Rxh3 25.gxf5 Kf7 26.fxg6+ hxg6 27.Rae1 Re8 28.
Rxe8 Bxe8 29.Re1 Rh7 30.Ne6 Kg8 31.Rf1 Nd7 32.Nc7 Bf7 33.Re1 Nf6 34.Re7 
Bc4 35.Bxc4+ bxc4 36.Nd5 Nd7 37.Rxd7 1-0

[Event "VII Festival A"]
[Site "Trieste ITA"]
[Date "2005.09.05"]
[Round "4"]
[White "Grudina, Marco"]
[Black "Costariol, Mario"]
[Result "1-0"]
[WhiteElo "1853"]
[BlackElo "1503"]
[PlyCount "115"]
[EventDate "2005.09.03"]

1.e4 c5 2.Nf3 d6 3.d4 cxd4 4.Nxd4 Nf6 5.Nc3 a6 6.Bg5 e6 7.f4 Qc7 8.Bxf6 
gxf6 9.Qd2 b5 10.a3 Bb7 11.O-O-O Nd7 12.Be2 Bh6 13.Bxb5 d5 14.Bxd7+ Kxd7 
15.g3 e5 16.Nf5 d4 17.Nxh6 Ke6 18.f5+ Ke7 19.Nd5+ Bxd5 20.exd5 Rhc8 21.
Qb4+ Ke8 22.Qa4+ Kf8 23.Ng4 Kg7 24.Qc6 Qd8 25.Qa4 Qxd5 26.Kb1 Rc4 27.Qb3 
Qc6 28.Rc1 Ra7 29.Ka1 Rc7 30.Nf2 Rxc2 31.Nd3 e4 32.Rxc2 Qxc2 33.Qxc2 Rxc2 
34.Nb4 Rc5 35.Nxa6 Rxf5 36.Nb4 Rc5 37.Kb1 f5 38.Rc1 Rb5 39.Rc4 d3 40.Kc1 
Kf6 41.Kd2 Ke5 42.Ke3 h5 43.h4 Rb6 44.Rc5+ Ke6 45.Rc6+ Rxc6 46.Nxc6 Kd6 
47.Nd4 Ke5 48.Nb3 Kd5 49.Nd2 Kc5 50.b4+ Kb5 51.Kd4 f6 52.Nf1 Ka4 53.Kc3 
Kb5 54.Ne3 Ka4 55.Nxf5 Kxa3 56.b5 Ka2 57.b6 Kb1 58.Kd2 1-0

[Event "VII Festival A"]
[Site "Trieste ITA"]
[Date "2005.09.05"]
[Round "4"]
[White "Jovanic, Ognjen"]
[Black "Efimov, Igor"]
[Result "1/2-1/2"]
[WhiteElo "2447"]
[BlackElo "2401"]
[PlyCount "111"]
[EventDate "2005.09.03"]

1.d4 d5 2.c4 dxc4 3.e3 Nf6 4.Nf3 e6 5.Bxc4 c5 6.O-O a6 7.Bb3 Nbd7 8.Nc3 
Bd6 9.e4 cxd4 10.Nxd4 Ne5 11.h3 O-O 12.Be3 Ng6 13.Qe2 b5 14.Rfd1 Qe7 15.
Qd2 Bc7 16.f4 b4 17.Nc6 Qd7 18.Qxd7 Bxd7 19.Nxb4 Nxf4 20.Bc5 Rfc8 21.Be7 
Be8 22.Nd3 Nd7 23.Nxf4 Bxf4 24.Kf2 Nc5 25.Bxc5 Rxc5 26.Na4 Rc6 27.Kf3 Be5 
28.Rac1 Rxc1 29.Rxc1 Bxa4 30.Bxa4 Bxb2 31.Rc2 Ba3 32.Bd7 Ra7 33.Rc8+ Bf8 
34.Bc6 a5 35.a4 g5 36.e5 Kg7 37.Ke4 h5 38.g4 h4 39.Kd4 Ba3 40.Ke4 Bb2 41.
Bb5 Rb7 42.Rc2 Ba3 43.Rc3 Bb4 44.Rc8 Be1 45.Rc1 Bd2 46.Rc2 Bf4 47.Rc8 Bg3 
48.Kd4 Bf2+ 49.Ke4 Be1 50.Rc1 Bb4 51.Rc8 Ra7 52.Kd4 f5 53.exf6+ Kxf6 54.
Ke4 Rf7 55.Be8 Rb7 56.Bb5 1/2-1/2

[Event "VII Festival A"]
[Site "Trieste ITA"]
[Date "2005.09.05"]
[Round "4"]
[White "Lalic, Bogdan"]
[Black "Videki, Sandor"]
[Result "1/2-1/2"]
[WhiteElo "2491"]
[BlackElo "2394"]
[PlyCount "23"]
[EventDate "2005.09.03"]

1.d4 d5 2.c4 c6 3.Nf3 dxc4 4.e3 Be6 5.Nc3 b5 6.a4 b4 7.Ne4 Nf6 8.Nc5 Bd5 
9.Qc2 e6 10.Bxc4 Bxc5 11.dxc5 Qe7 12.Bxd5 1/2-1/2

[Event "VII Festival A"]
[Site "Trieste ITA"]
[Date "2005.09.05"]
[Round "4"]
[White "Landa, Konstantin"]
[Black "Zufic, Miroslav"]
[Result "1-0"]
[WhiteElo "2609"]
[BlackElo "2391"]
[PlyCount "89"]
[EventDate "2005.09.03"]

1.e4 c5 2.Nf3 d6 3.d4 cxd4 4.Nxd4 Nf6 5.Nc3 a6 6.Be3 e5 7.Nf3 Qc7 8.a4 b6 
9.Nd5 Nxd5 10.Qxd5 Bb7 11.Qb3 Bxe4 12.Bc4 Qb7 13.O-O-O b5 14.Bxf7+ Qxf7 
15.Qxf7+ Kxf7 16.Ng5+ Kg6 17.Nxe4 bxa4 18.Nxd6 Nc6 19.Rd5 Be7 20.Rhd1 Rhd8
21.Nc4 Rab8 22.Bb6 Rxd5 23.Rxd5 Kf6 24.Be3 Ke6 25.Rd1 Rb4 26.Na3 Nd4 27.c3
Nb3+ 28.Kc2 Rg4 29.g3 Bc5 30.f3 Rg6 31.Nc4 Rf6 32.Bxc5 Nxc5 33.Rd6+ Ke7 
34.Rd5 Nd7 35.Nxe5 Nxe5 36.Rxe5+ Kd6 37.f4 Kc6 38.Rh5 h6 39.Ra5 Kb6 40.
Rxa4 Re6 41.Kd2 Kb5 42.Rb4+ Kc5 43.Rb7 g6 44.Rh7 Kc4 45.Rxh6 1-0

[Event "VII Festival A"]
[Site "Trieste ITA"]
[Date "2005.09.05"]
[Round "4"]
[White "Lazarev, Vladimir"]
[Black "Brunello, Roberta"]
[Result "1-0"]
[WhiteElo "2518"]
[BlackElo "1837"]
[PlyCount "47"]
[EventDate "2005.09.03"]

1.d4 d5 2.c4 e6 3.Nf3 Nf6 4.g3 Nbd7 5.Bg2 Be7 6.O-O O-O 7.Qc2 Ne4 8.b3 c6 
9.Nbd2 Nxd2 10.Nxd2 Bf6 11.Bb2 Re8 12.e4 dxc4 13.Nxc4 c5 14.dxc5 Nxc5 15.
Bxf6 gxf6 16.Rfd1 Qc7 17.e5 fxe5 18.Nd6 Rd8 19.Ne4 Rxd1+ 20.Rxd1 Na6 21.
Nf6+ Kf8 22.Qxh7 Rb8 23.Qg8+ Ke7 24.Qg5 1-0

[Event "VII Festival A"]
[Site "Trieste ITA"]
[Date "2005.09.05"]
[Round "4"]
[White "Loncar, Robert"]
[Black "Stantic, Severino"]
[Result "1-0"]
[WhiteElo "2390"]
[BlackElo "2064"]
[PlyCount "41"]
[EventDate "2005.09.03"]

1.d4 Nf6 2.c4 e6 3.Nf3 d5 4.Nc3 Be7 5.cxd5 exd5 6.Bg5 Nbd7 7.e3 O-O 8.Qc2 
a6 9.Bd3 h6 10.Bh4 b6 11.O-O Bb7 12.Rad1 Re8 13.Ne5 Nf8 14.f4 N6d7 15.Bg3 
Bd6 16.e4 dxe4 17.Bc4 Bxe5 18.fxe5 Ne6 19.d5 Nec5 20.b4 b5 21.bxc5 1-0

[Event "VII Festival A"]
[Site "Trieste ITA"]
[Date "2005.09.05"]
[Round "4"]
[White "Nedimovic, Ljubisa"]
[Black "Gyorkos, Lajos"]
[Result "0-1"]
[WhiteElo "2217"]
[BlackElo "2424"]
[PlyCount "92"]
[EventDate "2005.09.03"]

1.d4 Nf6 2.Nf3 g6 3.c4 Bg7 4.Nc3 O-O 5.e4 d6 6.g3 c5 7.Bg2 cxd4 8.Nxd4 Nc6
9.Nxc6 bxc6 10.O-O Be6 11.Qe2 Qc8 12.Bd2 Bh3 13.Rfe1 Bxg2 14.Kxg2 Nd7 15.
Nd1 Nc5 16.Bc3 Ne6 17.Bxg7 Kxg7 18.Nc3 Nd4 19.Qd3 c5 20.b3 Qb7 21.Ne2 Nc6 
22.Nf4 Kg8 23.h4 a5 24.h5 Ne5 25.Qe3 a4 26.Nd5 axb3 27.axb3 Rxa1 28.Rxa1 
Ng4 29.Qg5 Nf6 30.Rh1 Nxd5 31.cxd5 f6 32.Qg4 Qc8 33.Qxc8 Rxc8 34.hxg6 hxg6
35.Ra1 Rb8 36.Ra3 Rb4 37.Kf3 f5 38.exf5 gxf5 39.Ra4 Rxb3+ 40.Ke2 Kg7 41.
Rf4 Kg6 42.g4 fxg4 43.Rxg4+ Kf6 44.Re4 Rb4 45.Re6+ Kf7 46.Rh6 Re4+ 0-1

[Event "VII Festival A"]
[Site "Trieste ITA"]
[Date "2005.09.05"]
[Round "4"]
[White "Padjen, Zdenko"]
[Black "Oblak, Mitja"]
[Result "1/2-1/2"]
[WhiteElo "2068"]
[BlackElo "1688"]
[PlyCount "31"]
[EventDate "2005.09.03"]

1.e4 c5 2.Nf3 d6 3.c3 Nf6 4.h3 Nc6 5.Bd3 g6 6.O-O Bg7 7.Re1 O-O 8.Bc2 a6 
9.d4 cxd4 10.cxd4 e6 11.Nc3 b5 12.Bg5 Qd7 13.d5 exd5 14.Bxf6 Bxf6 15.Nxd5 
Qd8 16.Nxf6+ 1/2-1/2

[Event "VII Festival A"]
[Site "Trieste ITA"]
[Date "2005.09.05"]
[Round "4"]
[White "Pasquotto, Mirko"]
[Black "Brunello, Sabino"]
[Result "0-1"]
[WhiteElo "1814"]
[BlackElo "2373"]
[PlyCount "186"]
[EventDate "2005.09.03"]

1.e4 e5 2.Nf3 Nc6 3.Bb5 a6 4.Ba4 Nf6 5.O-O Be7 6.Re1 b5 7.Bb3 O-O 8.c3 d5 
9.exd5 Nxd5 10.Nxe5 Nxe5 11.Rxe5 c6 12.d4 Bd6 13.Re1 Qh4 14.g3 Qh3 15.Be3 
Bg4 16.Qd3 Rae8 17.Nd2 f5 18.f4 Re6 19.Qf1 Qh5 20.a4 bxa4 21.Rxa4 Rfe8 22.
Qf2 g5 23.Bxd5 cxd5 24.Rxa6 gxf4 25.gxf4 Qh3 26.Nf1 Bf3 27.Ng3 Rxe3 28.
Rxe3 Rxe3 29.Rxd6 Re1+ 30.Nf1 Be4 31.Rd8+ Kf7 32.Rd7+ Kf6 33.Rxh7 Qg4+ 34.
Qg3 Qxg3+ 35.hxg3 Bd3 36.Rh6+ Ke7 37.Rh7+ Kd6 38.Rh6+ Kc7 39.Rh2 Bxf1 40.
Rh7+ Kc6 41.Kf2 Rb1 42.Rh1 Bd3 43.Rxb1 Bxb1 44.Ke3 Kb5 45.Kd2 Kc4 46.b4 
Be4 47.Ke3 Bc2 48.Kd2 Bb1 49.Kc1 Be4 50.Kd2 Bf3 51.Ke3 Bh5 52.Kd2 Be8 53.
Kc2 Bd7 54.Kd2 Bc8 55.Kc2 Be6 56.Kd2 Bc8 57.Kc2 Kb5 58.Kb3 Be6 59.Kc2 Bf7 
60.Kb3 Bh5 61.Kc2 Bg4 62.Kd2 Ka4 63.Kc2 Kb5 64.Kd2 Bh5 65.Kd3 Bf7 66.Kc2 
Kc4 67.Kd2 Be8 68.Kc2 Ba4+ 69.Kd2 Kb5 70.Kd3 Kc6 71.Kd2 Kd6 72.Kd3 Bb5+ 
73.Kd2 Ke6 74.Ke3 Kf6 75.Kf3 Kg6 76.Kf2 Kh5 77.Kf3 Bc6 78.Kf2 Kg4 79.Kg2 
Bb5 80.Kf2 Kh3 81.Kf3 Bd7 82.Kf2 Ba4 83.Kf3 Bb5 84.Kf2 Bd7 85.Kf3 Ba4 86.
Kf2 Bb5 87.Kf3 Bd7 88.Kf2 Kh2 89.Kf3 Kg1 90.b5 Bxb5 91.g4 Bd7 92.g5 Be6 
93.Kg3 Bf7 0-1

[Event "VII Festival A"]
[Site "Trieste ITA"]
[Date "2005.09.05"]
[Round "4"]
[White "Ramesa, Davor"]
[Black "Fercec, Nenad"]
[Result "0-1"]
[WhiteElo "2172"]
[BlackElo "2500"]
[PlyCount "74"]
[EventDate "2005.09.03"]

1.c4 e5 2.Nc3 Bb4 3.Nf3 Nc6 4.e4 Bxc3 5.bxc3 d6 6.Qc2 Bg4 7.Be2 Nge7 8.h3 
Bd7 9.d4 Ng6 10.Be3 O-O 11.c5 Kh8 12.Rb1 Rb8 13.d5 Nce7 14.cxd6 cxd6 15.
Bxa7 Ra8 16.Be3 f5 17.Rxb7 fxe4 18.Qxe4 Rxa2 19.Qb1 Rxe2+ 20.Kxe2 Nxd5 21.
Kd2 Bc6 22.Ng5 Bxb7 23.Qxb7 Nxe3 24.Nf7+ Rxf7 25.Qxf7 Nxg2 26.Ra1 N2f4 27.
Ra7 Qf8 28.Qb7 Qf6 29.Qb8+ Nf8 30.Rd7 d5 31.Qe8 Kg8 32.Rd8 Ne6 33.Rd6 
Qxf2+ 34.Kc1 d4 35.cxd4 Nxd4 36.Qc8 Qe1+ 37.Kb2 Qb4+ 0-1

[Event "VII Festival A"]
[Site "Trieste ITA"]
[Date "2005.09.05"]
[Round "4"]
[White "Samuelli, Daniele"]
[Black "Plani, Andrea"]
[Result "0-1"]
[WhiteElo "1986"]
[BlackElo "1775"]
[PlyCount "116"]
[EventDate "2005.09.03"]

1.e4 e5 2.d4 exd4 3.Qxd4 Nc6 4.Qe3 Bb4+ 5.Bd2 Qe7 6.Nc3 Nf6 7.O-O-O d6 8.
f3 Be6 9.Kb1 O-O-O 10.Bb5 Bc5 11.Qe1 Nd4 12.Ba4 a6 13.Nge2 Nxe2 14.Qxe2 
Nd7 15.f4 f6 16.Rhe1 Bd4 17.Qd3 Bxc3 18.Qxc3 Nc5 19.Qd4 Qf7 20.Bb3 Bxb3 
21.axb3 Rhe8 22.b4 Nd7 23.Re3 Nb6 24.Rc3 Kb8 25.Be3 Qe7 26.Rcd3 Qxe4 27.
Qxe4 Rxe4 28.Bxb6 cxb6 29.g3 Rxb4 30.Rxd6 Rxd6 31.Rxd6 Kc7 32.Re6 Kd7 33.
Re2 f5 34.Re5 g6 35.Rd5+ Kc7 36.c3 Re4 37.Rd2 b5 38.b3 a5 39.Kb2 Kc6 40.
Rc2 Kc5 41.Ka2 b4 42.cxb4+ Kxb4 43.Kb2 Re3 44.Rc4+ Kb5 45.Rc2 a4 46.bxa4+ 
Kxa4 47.Rc7 b5 48.Rxh7 Re2+ 49.Kc3 b4+ 50.Kc4 Rc2+ 51.Kd4 b3 52.Ra7+ Kb4 
53.Rb7+ Ka3 54.Ra7+ Kb2 55.Ke5 Kb1 56.Rb7 b2 57.Kf6 Rc6+ 58.Kg5 Kc2 0-1

[Event "VII Festival A"]
[Site "Trieste ITA"]
[Date "2005.09.06"]
[Round "5"]
[White "Brunello, Roberta"]
[Black "Ramesa, Davor"]
[Result "0-1"]
[WhiteElo "1837"]
[BlackElo "2172"]
[PlyCount "82"]
[EventDate "2005.09.03"]

1.e4 c5 2.Nf3 e6 3.d4 cxd4 4.Nxd4 a6 5.Nc3 Qc7 6.Be2 Nf6 7.O-O b5 8.a3 Bb7
9.Qd3 d6 10.Be3 Nbd7 11.Nb3 Rd8 12.Bf4 Be7 13.Bg3 O-O 14.Rad1 Nc5 15.Nxc5 
Qxc5 16.Bf3 e5 17.Bh4 g6 18.Bxf6 Bxf6 19.Qe2 Bg5 20.g3 Rd7 21.Rd3 a5 22.
Rfd1 b4 23.axb4 axb4 24.Na4 Qc6 25.b3 Ba6 26.Nb2 Bxd3 27.Rxd3 Bd8 28.Qd2 
Bb6 29.Nc4 Bd4 30.Qxb4 f5 31.Nd2 Qxc2 32.Qc4+ Qxc4 33.bxc4 Kg7 34.exf5 
gxf5 35.Bd5 Ba7 36.Kg2 Kf6 37.Nb1 Rb8 38.Na3 Rb2 39.Rf3 Re7 40.Kf1 e4 41.
Rf4 e3 0-1

[Event "VII Festival A"]
[Site "Trieste ITA"]
[Date "2005.09.06"]
[Round "5"]
[White "Costariol, Elena"]
[Black "Brunello, Marina"]
[Result "1/2-1/2"]
[WhiteElo "1605"]
[BlackElo "1667"]
[PlyCount "42"]
[EventDate "2005.09.03"]

1.e4 e5 2.Nf3 Nc6 3.Bb5 d6 4.d4 Bd7 5.O-O Nf6 6.Nc3 Be7 7.Re1 exd4 8.Nxd4 
Ne5 9.Bxd7+ Nexd7 10.Bf4 O-O 11.Nf5 Nc5 12.Nxe7+ Qxe7 13.Nd5 Nxd5 14.exd5 
Qf6 15.Bc1 Rae8 16.c3 Nd3 17.Re2 Nxc1 18.Rxc1 Qg5 19.Re1 Re5 20.Rxe5 Qxe5 
21.Qb3 Re8 1/2-1/2

[Event "VII Festival A"]
[Site "Trieste ITA"]
[Date "2005.09.06"]
[Round "5"]
[White "De Val, Daniele"]
[Black "Bevilacqua, Andrea"]
[Result "1-0"]
[WhiteElo "2155"]
[BlackElo "1978"]
[PlyCount "163"]
[EventDate "2005.09.03"]

1.d4 f5 2.e4 fxe4 3.Nc3 Nf6 4.Bg5 e6 5.Nxe4 Be7 6.Bxf6 Bxf6 7.Nf3 O-O 8.
Qd2 b6 9.O-O-O d5 10.Neg5 Bxg5 11.Nxg5 Qf6 12.Bd3 g6 13.h4 Ba6 14.Qe2 Bxd3
15.Rxd3 Nc6 16.c3 Rae8 17.Rf3 Qg7 18.Rxf8+ Qxf8 19.Nf3 h6 20.Qb5 Nb8 21.
Ne5 Qf4+ 22.Kb1 Rc8 23.Ka1 Kg7 24.h5 g5 25.a3 a6 26.Qe2 Re8 27.g3 Qe4 28.
Qd1 Re7 29.Re1 Qf5 30.f4 Nd7 31.g4 Qf6 32.Rf1 gxf4 33.Ng6 Rf7 34.Rxf4 Qg5 
35.Qf3 Rxf4 36.Nxf4 Qf6 37.Qe3 Nf8 38.Ka2 Kf7 39.Qg3 Qe7 40.Nh3 Ke8 41.g5 
hxg5 42.Nxg5 Nd7 43.Nf3 Qf7 44.h6 Nf6 45.Ne5 Qh7 46.Qg5 Ne4 47.Qh5+ Ke7 
48.Qh4+ Ke8 49.Qh3 Ke7 50.Ng4 Kd7 51.Qf3 Ke7 52.Ne5 Ng5 53.Qh5 Kf6 54.Qh4 
Qe4 55.Ng4+ Kf5 56.h7 Nxh7 57.Qxh7+ Kxg4 58.Qxc7 b5 59.Qc8 Qe2 60.a4 bxa4 
61.Qc6 Kf5 62.Qxa4 Qd3 63.Ka3 Qe2 64.Qe8 a5 65.Qf7+ Kg5 66.Qe7+ Kg4 67.Qc5
Qa6 68.Ka4 Kf5 69.Qxa5 Qc6+ 70.Qb5 Qa8+ 71.Kb3 Qa1 72.Qe8 Qa6 73.Qa4 Qb7+ 
74.Ka3 e5 75.dxe5 Kxe5 76.Qd4+ Ke6 77.b4 Qa8+ 78.Kb3 Qb7 79.Qc5 Kd7 80.b5 
Ke6 81.Kb4 Kd7 82.b6 1-0

[Event "VII Festival A"]
[Site "Trieste ITA"]
[Date "2005.09.06"]
[Round "5"]
[White "Decleva, Gianni"]
[Black "Samuelli, Daniele"]
[Result "1/2-1/2"]
[WhiteElo "1611"]
[BlackElo "1986"]
[PlyCount "30"]
[EventDate "2005.09.03"]

1.e4 c5 2.Nf3 Nf6 3.e5 Nd5 4.d4 cxd4 5.Qxd4 e6 6.Bc4 Nc6 7.Qe4 Nb6 8.Bb3 
d5 9.exd6 Bxd6 10.Bf4 Na5 11.Nbd2 Nxb3 12.Nxb3 Bxf4 13.Qxf4 Nd5 14.Qd2 Qf6
15.Qd4 Qg6 1/2-1/2

[Event "VII Festival A"]
[Site "Trieste ITA"]
[Date "2005.09.06"]
[Round "5"]
[White "Efimov, Igor"]
[Black "Landa, Konstantin"]
[Result "0-1"]
[WhiteElo "2401"]
[BlackElo "2609"]
[PlyCount "116"]
[EventDate "2005.09.03"]

1.d4 Nf6 2.c4 c5 3.d5 e5 4.Nc3 d6 5.e4 Be7 6.Bd3 Nbd7 7.Nge2 O-O 8.Ng3 Re8
9.Be3 Nf8 10.Nf5 a6 11.a4 h6 12.O-O N6h7 13.Nxe7+ Qxe7 14.a5 Ng6 15.Qd2 
Nh4 16.f3 f5 17.Na4 Rf8 18.b4 Rf6 19.Nb6 Rg6 20.g3 f4 21.Nxa8 fxg3 22.Nb6 
gxh2+ 23.Kh1 Bh3 24.Rf2 Bg2+ 25.Rxg2 Rxg2 26.Qxg2 Nxg2 27.Kxg2 cxb4 28.c5 
dxc5 29.Bc4 Qd6 30.Kxh2 Kh8 31.Na4 Qf6 32.Rf1 Ng5 33.Nxc5 Qg6 34.Bxg5 Qxg5
35.Nb3 h5 36.d6 h4 37.Kh1 Qg3 38.Nd2 Qh3+ 39.Kg1 Qd7 40.Kf2 Qxd6 41.Ke2 
Qc5 42.Rh1 g5 43.Bd5 Qxa5 44.Rg1 Qd8 45.f4 exf4 46.Nf3 Qb6 47.Kf1 Qb5+ 48.
Ke1 Qc5 49.Kf1 Qc1+ 50.Kg2 Qe3 51.Nxg5 f3+ 52.Nxf3 Qe2+ 53.Kh3 Qxf3+ 54.
Kxh4 b3 55.Rg3 Qf4+ 56.Rg4 Qh6+ 57.Kg3 b2 58.Ba2 Qe3+ 0-1

[Event "VII Festival A"]
[Site "Trieste ITA"]
[Date "2005.09.06"]
[Round "5"]
[White "Fercec, Nenad"]
[Black "Loncar, Robert"]
[Result "1-0"]
[WhiteElo "2500"]
[BlackElo "2390"]
[PlyCount "111"]
[EventDate "2005.09.03"]

1.e4 e5 2.Nf3 Nc6 3.Bb5 a6 4.Ba4 Nf6 5.O-O Be7 6.Re1 d6 7.Bxc6+ bxc6 8.d4 
exd4 9.Nxd4 Bd7 10.Nc3 O-O 11.Qf3 c5 12.Nf5 Bxf5 13.Qxf5 Nd7 14.Nd5 Re8 
15.Bf4 Bf8 16.Rad1 Re6 17.Bg3 Rc8 18.h3 Qe8 19.f3 c6 20.Nc3 Ne5 21.Qf4 Rg6
22.Kh2 Rb8 23.b3 Rh6 24.Qd2 Qe6 25.Qe2 g5 26.Kg1 Bg7 27.Nb1 Rd8 28.Nd2 Ng6
29.Qxa6 Bd4+ 30.Kh1 Be5 31.Bxe5 Nxe5 32.Kg1 Kh8 33.Qa5 Rd7 34.Qc3 Kg8 35.
Nf1 Ng6 36.Ng3 Nf4 37.Nf5 Rg6 38.g3 Nxh3+ 39.Kg2 g4 40.f4 h5 41.a4 Kh7 42.
a5 Rg8 43.a6 f6 44.Qd3 Kh8 45.Nxd6 Rgd8 46.e5 fxe5 47.Rxe5 Qxd6 48.Qxd6 
Rxd6 49.Rxd6 Rxd6 50.Re8+ Kg7 51.a7 Rd2+ 52.Kf1 Rd1+ 53.Ke2 Ra1 54.a8=Q 
Ng1+ 55.Kf2 Nh3+ 56.Kg2 1-0